000 00545nam a2200181Ia 4500
005 20250508155231.0
008 008 250505s9999 xx 000 0 eng d
037 _aBooks to be hide in OPAC
040 _aFEDL
_beng
_cFEDL
041 _aeng
_2eng
084 _a371.89, NCE/O
_qFEDL
100 _aL. C. Singh
_9763408
245 0 _aNational cadet corps
260 _aNew Delhi, India
_bNational Council of Educational Research and Training
_c1963
300 _a10p.
942 _cHB
_h371.89, NCE/O
999 _c1355382
_d1355382